| 000 | 00520nam a2200193Ia 4500 | ||
|---|---|---|---|
| 003 | OSt | ||
| 005 | 20220524080910.0 | ||
| 008 | 151021s9999 xx 000 0 und d | ||
| 020 | _a97814019238 | ||
| 040 |
_aMMU _beng _cMMU _dMMU |
||
| 050 | _aBT660 .K52I45 2008 | ||
| 100 | _aIlibagiza Immaculee | ||
| 245 |
_aOur lady of kibeho/ _cImmaculee Ilibagiza. |
||
| 260 |
_aCalifonia: _bHay house, _c2008. |
||
| 300 |
_axix, 210 p. : _bill.; |
||
| 650 | _aSpeaking | ||
| 700 | _aSteve Erwin | ||
| 942 |
_2lcc _cLOAN LOAN |
||
| 999 |
_c14818 _d14818 |
||